| 000 | 00649nam a2200217 i 4500 | ||
|---|---|---|---|
| 001 | 66741 | ||
| 003 | ES-MaACL | ||
| 005 | 20250816062546.0 | ||
| 007 | t| | ||
| 008 | 040325s1996 ag ||||1| spa d | ||
| 020 | _a950-786-121-1 | ||
| 080 | _a17.01 | ||
| 100 | 1 |
_aKogan, Jacobo. _968468 |
|
| 245 | 1 | 0 |
_aTemas de filosofía _b: la belleza, el bien, el hombre, la realidad / _cJacobo Kogan. |
| 260 |
_aBuenos Aires : _bBiblos, _c[1996] |
||
| 300 |
_a359 p. ; _c23 cm. |
||
| 650 | 7 |
_aAntropología filosófica _2embne _99891 |
|
| 650 | 7 |
_aEstética _2embne _9142387 |
|
| 852 |
_aES-MaACL _jL-27215 _bR.132852 |
||
| 999 |
_c66741 _d66741 |
||